| 000 | 00802nam a2200277 a 4500 | ||
|---|---|---|---|
| 001 | 000012519 | ||
| 003 | DO-SdBNP | ||
| 005 | 20180221132745.0 | ||
| 007 | 000012519 | ||
| 008 | 091113s2005 dr 001 0 spa d | ||
| 020 | _z9993432199 | ||
| 040 |
_aBPMSU _bspa _cBPMSU |
||
| 082 | 0 | 4 |
_aRD863.44 _bH557m, 2005 |
| 100 | 1 | _aHernández, Ángela | |
| 245 | 1 | 0 |
_aMudanza de los sentidos / _cÁngela Hernández. |
| 250 | _a3a ed. | ||
| 260 |
_aSanto Domingo : _babc editorial, _c2005. |
||
| 300 |
_a135 p. : _bil., retrs. _c22 cm. |
||
| 586 | _aPremio Cole de novela 2001 | ||
| 650 | 4 | _aNOVELA DOMINICANA | |
| 650 | 4 | _aLITERATURA DOMINICANA | |
| 910 | _aValidado. Control de calidad MFF | ||
| 942 |
_2ddc _cBK |
||
| 945 | _aInventariado /2018 VM | ||
| 956 |
_aVMATEO _b10 _c201708003 _lBPMUSU _h0069 |
||
| 999 |
_c7483 _d7483 |
||